| 000 | 01124nam0a2200361 4500 | ||
|---|---|---|---|
| 001 | RU\NLR\bibl\389406 | ||
| 005 | 20250622160116.0 | ||
| 010 |
_a5-94847-170-5 _910000 |
||
| 021 |
_aRU _b2003-6594 _9309 |
||
| 035 | _a(NLR Aleph) 000383719 | ||
| 090 |
_a471869 _c471869 |
||
| 100 | _a20030408d2002 |||y0rusy50 ca | ||
| 101 | 0 | _arus | |
| 102 | _aRU | ||
| 105 | _aa ||||||||| | ||
| 200 | 1 |
_aСовушка _eпесенки-потешки _e[для детей _fсоставитель Е. Романова] |
|
| 210 |
_aМ. _cОЛМА-пресс Экслибрис _dпеч. 2002 (макет 2003) |
||
| 215 |
_a[8] с. _cцв. ил. _d26 |
||
| 225 | 1 | _aМоя любимая книжка | |
| 610 | 0 | _aПотешки (д. л.) | |
| 675 |
_a821.161.1-93 _v3 _zrus |
||
| 686 |
_a17.82.93 _2rugasnti |
||
| 686 |
_a82.3(2Рос-Рус)-6 _2rubbk |
||
| 686 | _aШ9(2)3=Р-3 | ||
| 702 | 1 |
_aРоманова _bЕ. _4220 |
|
| 801 | 0 |
_aRU _bRKP _c20030408 _gPSBO |
|
| 801 | 1 |
_aRU _bRKP _c20030408 |
|
| 801 | 2 |
_aRU _bNLR _c20030515 _grcr |
|
| 942 | _cBOOK | ||
| 980 | _aNB | ||